Merged Country Flags #3 - Statistics

General Stats
  • This quiz has been taken 4,055 times
  • The average score is 7 of 8
Answer Stats
Position Country % Correct
Top Brazil
100%
Right Japan
98%
Bottom Lebanon
95%
Left Bangladesh
92%
Left Tunisia
90%
Right Mexico
85%
Top Palau
79%
Bottom Trinidad and Tobago
76%
No matching quizzes found
Score Distribution
Percent of People with Each Score
Percentile by Number Answered
Your Score History
You have not taken this quiz